Imperial legacy : the Ottoman imprint on the Balkans and the Middle East
Αποθηκεύτηκε σε:
| Άλλοι συγγραφείς: | |
|---|---|
| Μορφή: | Βιβλίο |
| Γλώσσα: | English |
| Δημοσίευση: |
New York :
Columbia University Press,
1996
|
| Θέματα: | |
| Ετικέτες: |
Προσθήκη ετικέτας
Δεν υπάρχουν, Καταχωρήστε ετικέτα πρώτοι!
|
MARC
| LEADER | 00000nam a2200000 i 4500 | ||
|---|---|---|---|
| 001 | 1/14400 | ||
| 008 | 980511s1996 eng d | ||
| 020 | |a 0-231-10304-2 | ||
| 035 | |1 ΠΑΡ |a 1997 |l 10019406 | ||
| 040 | |a GR-MY-UA |b gre |e aacr | ||
| 041 | 0 | |a eng | |
| 082 | 0 | |a 909.09712561 | |
| 245 | 1 | 0 | |a Imperial legacy : |b the Ottoman imprint on the Balkans and the Middle East / |c Edited by L. Carl Brown |
| 260 | |a New York : |b Columbia University Press, |c 1996 | ||
| 300 | |a 337 p. | ||
| 504 | |a Includes bibliographical references and index | ||
| 651 | 0 | |a Middle East |x History |y 1517- | |
| 651 | 0 | |a Africa, North |x History |y 1517-1882. | |
| 700 | 1 | |a Brown, L. Carl |q (Leon Carl) |d 1928- |4 edt | |
| 852 | |a INST |b LESVOS |e 19981021 |h 909.09712561 IMP |p 005100012739 |q 005100012739 |t BK |y 0 | ||
| 852 | |a INST |b LESVOS |e 19980511 |h 909.09712561 IMP |p 005100014882 |q 005100014882 |t BK |y 0 | ||
| 909 | |a Λ |b 056021 | ||
| 909 | |a Λ |b 059703 | ||
| 922 | |a 1ΕΛΗ |b 199809 |c ΚΠΣ/ΤΚΑ |d ΠΑΠΑΣΩΤΗΡΙΟΥ | ||
| 950 | |a 117-1998-07-08 | ||